urban growth (Record no. 8199)

MARC details
000 -LEADER
fixed length control field 00343 a2200157 4500
003 - CONTROL NUMBER IDENTIFIER
control field OSt
005 - DATE AND TIME OF LATEST TRANSACTION
control field 20210930162730.0
008 - FIXED-LENGTH DATA ELEMENTS--GENERAL INFORMATION
fixed length control field 210930b |||||||| |||| 00| 0 eng d
040 ## - CATALOGING SOURCE
Transcribing agency hu
082 ## - DEWEY DECIMAL CLASSIFICATION NUMBER
Classification number 301.36303
100 ## - MAIN ENTRY--PERSONAL NAME
Personal name robert
9 (RLIN) 6079
245 ## - TITLE STATEMENT
Title urban growth
260 ## - PUBLICATION, DISTRIBUTION, ETC.
Place of publication, distribution, etc. new jersey
Name of publisher, distributor, etc. hall
Date of publication, distribution, etc. 1975
300 ## - PHYSICAL DESCRIPTION
Extent 149
942 ## - ADDED ENTRY ELEMENTS (KOHA)
Source of classification or shelving scheme Dewey Decimal Classification
Koha item type Books like text book referance book
Suppress in OPAC No

No items available.